Quelle est (était) la taille de ces personnalités 20 - Statistiques

Statistiques générales
  • Ce quiz a été pris 14 fois
  • Le résultat moyen est 3 sur 20
Statistiques - réponses
Hint Réponse % Correct
Nicolas Batum 2,03 m
38%
Joakim Noah 2,09 m
38%
Sting 1,82 m
31%
Novak Djokovic 1,88 m
31%
Venus Williams 1,85 m
23%
Sarah Abitbol 1,50 m
15%
Alain Prost 1,67 m
15%
Céline Dion 1,71 m
15%
Serena Williams 1,75 m
15%
Arnold Schwazenegger 1,88 m
15%
Tony Parker 1,88 m
15%
Lewis Hamilton 1,75 m
8%
Paul Newman 1,77 m
8%
Mel Gibson 1,78 m
8%
Hugh Grant 1,80 m
8%
Richard Gasquet 1,85 m
8%
Jackson Richardson 1,86 m
8%
Garou 1,89 m
8%
Michael Schumacher 1,74 m
0%
Amélie Mauremo 1,75 m
0%
Aucun quiz correspondant
Distribution des résultats
% des personnes avec chaque résultat
Percentile par nombre de réponses
Votre historique - résultats
Vous n’avez pas pris ce quiz